000 00758nam a2200241 i 4500
001 bg
100 1 _aKOPALIŃSKI, Władysław.
245 1 0 _aSłownik wyrazów obcych i zwrotów obcojęzycznych z almanachem /
_cWładysław Kopaliński.
250 _a[Wyd. 24].
260 _aWarszawa :
_b"Wiedza Powszechna",
_c1996.
300 _a699, [1] s. :
_brys. ;
_c25 cm.
490 1 _aBiblioteka Miłośników Języka
500 _aWyd. 3 almanachu. - Na okł. błędny ISBN.
650 9 _aSłownik polski
_xwyrazy obce
830 _aBiblioteka Miłośników Języka
020 _a8321411029
040 _cBPK
041 0 _apl
080 _a811.162.1'373.45'374
920 _a83-214-1102-9
942 _cKS
008 s pl f |000 0 pol
999 _c33587
_d33587